Foundation of phenomenology (Record no. 194127)

MARC details
000 -LEADER
fixed length control field 00717nam a2200229Ia 4500
003 - CONTROL NUMBER IDENTIFIER
control field OSt
005 - DATE AND TIME OF LATEST TRANSACTION
control field 20220918192324.0
008 - FIXED-LENGTH DATA ELEMENTS--GENERAL INFORMATION
fixed length control field 220917b |||||||| |||| 00| 0 eng d
037 ## - SOURCE OF ACQUISITION
Terms of availability Textual
040 ## - CATALOGING SOURCE
Original cataloging agency ARTS
Transcribing agency ARTS
Language of cataloging eng
041 ## - LANGUAGE CODE
Source of code eng
Language code of text/sound track or separate title eng
100 ## - MAIN ENTRY--PERSONAL NAME
Personal name Farber Marvin
9 (RLIN) 78924
245 #0 - TITLE STATEMENT
Title Foundation of phenomenology
Remainder of title Edmund Husserl and the quest for a rigorous science of philosophy
260 ## - PUBLICATION, DISTRIBUTION, ETC.
Place of publication, distribution, etc. Albany
Name of publisher, distributor, etc. State Univ of New York Press
Date of publication, distribution, etc. 1943
300 ## - PHYSICAL DESCRIPTION
Extent xi,585p.
Dimensions cm.
942 ## - ADDED ENTRY ELEMENTS (KOHA)
Classification part R3xM593:9, H31-;1-;2 (MPhil)
Koha item type Textual
Source of classification or shelving scheme Colon Classification (CC)
Holdings
Withdrawn status Lost status Damaged status Not for loan Home library Current library Date acquired Total Checkouts Full call number Barcode Date last seen Price effective from Koha item type
        Arts Library Arts Library 2022-09-18   R3xM593:9 H31-;1-;2 (MPhil) AL0302876 2022-09-18 2022-09-18 Textual
Copyright @ Delhi University Library System